История английского языка: учебное пособие

Bibliografiske detaljer
Hovedforfatter: Васильцова Г. А. Галина Анатольевна
Institution som forfatter: Томский политехнический университет (ТПУ)
Summary:Заглавие с титульного экрана
Электронная версия печатной публикации
Пособие содержит краткие сведения по истории Англии и характеристику развития и изменений системы английского языка по периодам: древнеанглийский, среднеанглийский, ранненовоанглийский. Каждая часть сопровождается заданиями, нацеленными на развитие умений лингвистического анализа текстов, а также указаниями на дополнительные Интернет-источники, где студенты могут получить информацию по темам курса. Настоящее учебное пособие предназначено для студентов, обучающихся по специальности 031202 «Перевод и переводоведение»
Режим доступа: из корпоративной сети ТПУ
Sprog:engelsk
Udgivet: Томск, Изд-во ТПУ, 2009
Fag:
Online adgang:http://www.lib.tpu.ru/fulltext2/m/2010/m27.pdf
Format: MixedMaterials Electronisk Bog
KOHA link:https://koha.lib.tpu.ru/cgi-bin/koha/opac-detail.pl?biblionumber=175847

MARC

LEADER 00000nlm0a2200000 4500
001 175847
005 20231101223238.0
035 |a (RuTPU)RU\TPU\book\190645 
090 |a 175847 
100 |a 20100218d2009 m y0rusy50 ca 
101 0 |a eng 
102 |a RU 
105 |a a j 001zy 
135 |a vrcn ---uucaa 
181 0 |a i  
182 0 |a b 
200 1 |a История английского языка  |b Электронный ресурс  |e учебное пособие  |d History of the english language  |f Г. А. Васильцова  |g Томский политехнический университет (ТПУ) 
203 |a Текст  |c электронный 
210 |a Томск  |c Изд-во ТПУ  |d 2009 
230 |a 1 компьютерны файл (pdf; 1219 KB) 
300 |a Заглавие с титульного экрана 
300 |a Электронная версия печатной публикации 
330 |a Пособие содержит краткие сведения по истории Англии и характеристику развития и изменений системы английского языка по периодам: древнеанглийский, среднеанглийский, ранненовоанглийский. Каждая часть сопровождается заданиями, нацеленными на развитие умений лингвистического анализа текстов, а также указаниями на дополнительные Интернет-источники, где студенты могут получить информацию по темам курса. Настоящее учебное пособие предназначено для студентов, обучающихся по специальности 031202 «Перевод и переводоведение» 
333 |a Режим доступа: из корпоративной сети ТПУ 
337 |a Adobe Reader 
510 1 |a History of the english language  |z eng 
606 1 |a Английский язык  |x История  |2 stltpush  |3 (RuTPU)RU\TPU\subj\29050  |9 52462 
610 1 |a английский язык 
610 1 |a Англия 
610 1 |a древнеанглийский язык 
610 1 |a среднеанглийский язык 
610 1 |a ранненовоанглийский язык 
610 1 |a задания 
610 1 |a лингвистический анализ 
610 1 |a тексты 
610 1 |a учебные пособия 
610 1 |a труды учёных ТПУ 
610 1 |a электронный ресурс 
686 |a Ш143.21-923.0  |v LBC/SL-A  |2 rubbk 
700 1 |a Васильцова  |b Г. А.  |g Галина Анатольевна 
712 0 2 |a Томский политехнический университет (ТПУ)  |c (1991- )  |2 stltpush  |3 (RuTPU)RU\TPU\col\376 
801 1 |a RU  |b 63413507  |c 20100218 
801 2 |a RU  |b 63413507  |c 20100607  |g RCR 
856 4 |u http://www.lib.tpu.ru/fulltext2/m/2010/m27.pdf 
942 |c CF